000 00246nam a22001217a 4500
008 170628b xxu||||| |||| 00| 0 eng d
041 _aeng
080 _a82
100 _a22
101 _aGJL
245 _aUNICORNS
_cGAFFRON.N
942 _2udc
_cBK
999 _c19418
_d19418